Differentiated instructional strategies : (Record no. 151238)

MARC details
000 -LEADER
fixed length control field 00674nam a22001937a 4500
005 - DATE AND TIME OF LATEST TRANSACTION
control field 20180416151856.0
010 ## - LCCN (DPL NO)
LC control number ENG-122585
020 ## - INTERNATIONAL STANDARD BOOK NUMBER
International Standard Book Number 9789352806164
Terms of availability 695.00
035 ## - SYSTEM CONTROL NUMBER
System control number EN-106117
037 ## - SOURCE OF ACQUISITION
Source of stock number/acquisition DBAD/PUB
082 ## - DEWEY DECIMAL CLASSIFICATION NUMBER
Classification number 371.394
100 ## - MAIN ENTRY--PERSONAL NAME
Personal name Gregory, Gayle H.
245 ## - TITLE STATEMENT
Title Differentiated instructional strategies :
Statement of responsibility, etc by Gayle H. Gregory
Remainder of title professional learning guide - one size doesn't fit all /
260 ## - PUBLICATION, DISTRIBUTION, ETC. (IMPRINT)
Place of publication, distribution, etc New Delhi
Name of publisher, distributor, etc Sage Publications
Date of publication, distribution, etc 2018
270 ## - ADDRESS
Address B-1/I-1, Mohan Cooperative Industrial Area, Mathura Road,
City New Delhi
Postal code 110044
300 ## - PHYSICAL DESCRIPTION
Extent 148p.
Dimensions 25cm.(pbk)
Other physical details ill.
500 ## - GENERAL NOTE
General note It include index
942 ## - ADDED ENTRY ELEMENTS (KOHA)
Source of classification or shelving scheme Dewey Decimal Classification
Item type English Books
Call number suffix GRE
Classification part 371.394
Holdings
Withdrawn status Lost status Not for loan Collection code Home library Current library Date acquired Source of acquisition Cost, normal purchase price Full call number Barcode Copy number Cost, replacement price Koha item type
    Not For Loan Non-fiction D.B.Act.Division Central Library 16/04/2018 DBAD/PUB 695.00 371.394 GRE EN-106117 1 695.00 English Books

© Delhi Public Library
Hit Counter
free hit counter